000 00447nam a2200181Ia 4500
003 LK-CoDNM
005 20241209122459.0
008 010623t1989 xxu||||| |||| 00| 1 eng d
040 _aLK-CoDNM
_dLK-CoDNM
_eLK-CoDNM
041 _aeng
080 _a294.32
_bDES
245 _aSome Thoughts on Kamma ,Metta And Karuna
260 _bLake House
_aColombo
_c1989
300 _b14p. ; 21 cm
650 _a1989
650 _aBuddhism
942 _cBK
999 _c114268
_d114268